| 000 | 00989nam a22002297a 4500 | ||
|---|---|---|---|
| 003 | NALT | ||
| 005 | 20250115120912.0 | ||
| 008 | 180122b th ||||| |||| 00| 0 tha d | ||
| 020 | _a9786164380035 | ||
| 040 | _aNALT | ||
| 050 |
_aH 97 _bส182น 2560 |
||
| 100 | 0 |
_925177 _aสถาพร เริงธรรม |
|
| 245 | 1 | 0 |
_aนโยบายสาธารณะของประชาชน (People Public Policy) / _cสถาพร เริงธรรม. |
| 260 |
_aขอนแก่น : _bโรงพิมพ์มหาวิทยาลัยขอนแก่น, _c2560. |
||
| 300 |
_a616 หน้า ; _c26 ซม. |
||
| 650 | 4 |
_9284 _aนโยบายสาธารณะ |
|
| 650 | 4 |
_9489 _aนโยบายสาธารณะ _zไทย |
|
| 850 | _aNALT | ||
| 942 |
_cGB _2lcc |
||
| 998 |
_abijaya _bphon _cphon _j8 _k นายบัณฑิต อุทาวงค์ |
||
| 999 |
_c94150 _d94150 |
||